Piłkarze Dyskobolii Grodzisk Wielkopolski - nagła śmierć - Statystyki

Ogólne statystyki
  • Ten quiz został rozwiązany 11 razy
  • Średni wynik to 5 z 20
Answers on the Grid
Answers color-coded by a green-red scale on the quiz's grid according to % correct below.
Piotr Stokowiec
Mariusz Kukiełka
Sérgio Batata
Piotr Świerczewski
Grzegorz Motyk
Michał Gliwa
Łukasz Trałka
Marek Zając
Ryszard Czerwiec
Marek Citko
Grzegorz Rasiak
Damian Gorawski
Piotr Giza
Tomasz Moskal
Dariusz Gęsior
Arkadiusz Malarz
Jan Woś
Tomasz Jodłowiec
Tomasz Rząsa
Adam Majewski
Maciej Korzym
Bartosz Ślusarski
Mariusz Lewandowski
Jacek Wiśniewski
Marcin Drzymont
Mariusz Ujek
Damian Łukasik
Sebastian Przyrowski
Mariusz Mówlik
Arkadiusz Baran
Robert Lewandowski
Aleksander Ptak
Robert Kolendowicz
Dariusz Dudek
Arkadiusz Onyszko
Arkadiusz Radomski
Radosław Majewski
Jacek Magiera
Sebastian Mila
Andrzej Niedzielan
 
Statystyki odpowiedzi
Odpowiedź % Poprawnych
Piotr Stokowiec
70%
Sebastian Mila
60%
Sebastian Przyrowski
50%
Andrzej Niedzielan
40%
Grzegorz Rasiak
40%
Grzegorz Motyk
30%
Piotr Świerczewski
30%
Adam Majewski
20%
Bartosz Ślusarski
20%
Radosław Majewski
20%
Sérgio Batata
20%
Tomasz Jodłowiec
20%
Dariusz Gęsior
10%
Jan Woś
10%
Michał Gliwa
10%
Damian Łukasik
0%
Marek Citko
0%
Mariusz Lewandowski
0%
Mariusz Mówlik
0%
Robert Kolendowicz
0%
Nie znaleziono quizów pasujących do podanych kryteriów
Rozkład punktacji
Procent ludzi z każdym wynikiem
Percentyl według liczby udzielonych odpowiedzi
Twoja historia wyników
Nie rozwiązałeś tego quizu